书目信息 |
| 题名: |
大漠狼烟
|
|
| 作者: | 苏真 肖石忠 | |
| 分册: | ||
| 出版信息: | 北京 九洲图书出版社 1995 |
|
| 页数: | 315 | |
| 开本: | 20cm | |
| 丛书名: | ||
| 单 册: | ||
| 中图分类: | K4 | |
| 科图分类: | ||
| 主题词: | 非洲--历史 | |
| 电子资源: | ||
| ISBN: | 7-80114-023-0 | |
| 000 | 00558nam0 2200193 450 | |
| 001 | 0734081268 | |
| 005 | 20071007092801.28 | |
| 010 | @a7-80114-023-0 | |
| 100 | @a20071007d km y0chiy0120 ea | |
| 101 | 0 | @achi |
| 200 | 1 | @a大漠狼烟@Ada mo lang yan@e北非的角斗@f苏真 肖石忠@Fsu zhen xiao shi zhong |
| 210 | @a北京@c九洲图书出版社@d1995 | |
| 215 | @a315@d20cm | |
| 517 | 1 | @a北非的角斗@Abei fei de jiao dou |
| 606 | 0 | @a非洲@x历史 |
| 690 | @aK4@v3 | |
| 701 | 0 | @a苏真 肖石忠@Asu zhen xiao shi zhong |
| 801 | 0 | @aCN@bPFT@c20071007 |
| 905 | @a213230@dK4@ea1@f1 | |
| 大漠狼烟:北非的角斗/苏真 肖石忠.-北京:九洲图书出版社,1995 |
| 315;20cm |
| ISBN 7-80114-023-0: |
| ● |
| 相关链接 |
|
|
|
|
正题名:大漠狼烟
索取号:K4/a1
 
预约/预借
| 序号 | 登录号 | 条形码 | 馆藏地/架位号 | 状态 | 备注 |
| 1 | 7509319 | 275093195 | 密集书库-史法系/ [索取号:K4/a1] | 在馆 |